000 00471nam a2200157 i 4500
001 141727
003 ES-MaACL
005 20230906200344.0
007 t|
008 070927s1921 cr ||||1| spa d
100 1 _aVicenzi, Moisés.
_9114378
245 1 0 _aRuinas y leyendas /
_cpor M. Vincenzi.
260 _aSan José de Costa Rica :
_bCentro Intelectual,
_c1921.
300 _a17 p. ;
_c18 cm.
852 _aES-MaACL
_j1608-F-5
_z.-Ded. ms. del autor a Salvador Rueda
999 _c141727
_d141727